[Event "Mondiale Lampo FIDE 2017"]
[Site "Riyadh"]
[Date "29.12.2017"]
[Round "6.31"]
[White "Inarkiev, Ernesto"]
[Black "Salem, A.R. Saleh"]
[Result "0-1"]
[WhiteTitle "GM"]
[BlackTitle "GM"]
[WhiteElo "2689"]
[BlackElo "2638"]
[WhiteFideId "4162722"]
[BlackFideId "9301348"]
[EventDate "2017.12.29"]

1. d4 Nf6 2. c4 g6 3. Nc3 d5 4. Bf4 Bg7 5. e3 O-O 6. Rc1 c5 7. dxc5 Be6 8. Nf3
Nc6 9. Be2 Ne4 10. Nd4 Nxd4 11. exd4 Nxc3 12. bxc3 dxc4 13. O-O Bd5 14. Qa4 Qe8
15. Qb4 a5 16. Qa3 e5 17. dxe5 Bxe5 18. Be3 Qc6 19. f3 Rfe8 20. Bf2 Bxh2+ 21.
Kxh2 Rxe2 22. Rce1 Rc2 23. Re3 Qf6 24. Bg3 h5 25. Rfe1 h4 26. Re8+ Rxe8 27.
Rxe8+ Kh7 28. Be5 Rxg2+ 29. Kh1 Bxf3 30. Bxf6 g5 31. Re3 Bc6 32. Qxa5 Rxa2+ 33.
Kg1 Rxa5 34. Bxg5 Rxc5 35. Bxh4 Rh5 36. Bf6 Kg6 37. Bd4 Rh1+ 38. Kf2 f5 39. Rg3+
Kf7 40. Ke3 Rf1 41. Ke2 Rf4 42. Rh3 Rg4 43. Rh6 f4 44. Rf6+ Ke7 45. Be5 Rg5 46.
Bd4 Rg2+ 47. Ke1 f3 48. Kf1 Ra2 49. Rh6 Be4 50. Rf6 Rg2 51. Ke1 b5 52. Kf1 Bd3+
53. Ke1 Re2+ 54. Kd1 Bc2+ 55. Kc1 Be4 56. Kd1 Rh2 57. Ke1 Rg2 58. Kd1 Kd7 59.
Ke1 Re2+ 60. Kf1 Bd5 61. Kg1 Rd2 62. Be5 Be4 63. Kf1 Ke7 64. Rf4 Bd3+ 65. Kg1
Rg2+ 66. Kh1 Re2 67. Bd4 Be4 68. Kg1 Ke6 69. Rh4 Rg2+ 70. Kf1 Re2 71. Rf4 Kd5
72. Bf2 Rc2 73. Rh4 Rxc3 74. Rh5+ Ke6 75. Rxb5 Rc1+ 76. Be1 c3 77. Kf2 Rc2+ 78.
Kg3 Rg2+ 79. Kf4 Bc6 80. Rb6 Kd6 81. Rxc6+ Kxc6 82. Kxf3 c2 0-1

[Event "Mondiale Lampo FIDE 2017"]
[Site "Riyadh"]
[Date "29.12.2017"]
[Round "6.32"]
[White "Onischuk, Vladimir"]
[Black "Mamedov, Rauf"]
[Result "1-0"]
[WhiteTitle "GM"]
[BlackTitle "GM"]
[WhiteElo "2637"]
[BlackElo "2709"]
[WhiteFideId "14114038"]
[BlackFideId "13401653"]
[EventDate "2017.12.29"]

1. e4 c5 2. Nf3 Nc6 3. Bb5 g6 4. Bxc6 dxc6 5. d3 Bg7 6. h3 Nf6 7. Nc3 O-O 8. Be3
c4 9. O-O cxd3 10. cxd3 b6 11. d4 Nd7 12. Qd2 Re8 13. Rfd1 Bb7 14. Bh6 Bh8 15.
Qf4 e5 16. dxe5 Qc7 17. e6 Qxf4 18. Bxf4 Nc5 19. exf7+ Kxf7 20. e5 Rad8 21. Be3
Nd3 22. Bg5 Rd7 23. Bh4 h6 24. Rd2 c5 25. Rad1 c4 26. b3 g5 27. Bg3 Red8 28.
bxc4 Bxf3 29. gxf3 Nxe5 30. Rxd7+ Rxd7 31. Rxd7+ Nxd7 32. Nb5 a6 33. Nc7 a5 34.
Nd5 Ke6 35. Kf1 Be5 36. Ke2 Bd4 37. Kd3 Bc5 38. Ke4 Nf8 39. f4 gxf4 40. Nxf4+
Kd7 41. Nd5 Ne6 42. f4 Nd4 43. f5 Ne2 44. Be5 Nc1 45. a4 Nb3 46. f6 Ke6 47. Nf4+
Kf7 48. Kf5 Bd4 49. Ng6 h5 50. Nh8+ Kf8 51. Bd6+ Ke8 52. f7+ 1-0

[Event "Mondiale Lampo FIDE 2017"]
[Site "Riyadh"]
[Date "29.12.2017"]
[Round "6.33"]
[White "Ponomariov, Ruslan"]
[Black "Fressinet, Laurent"]
[Result "0-1"]
[WhiteTitle "GM"]
[BlackTitle "GM"]
[WhiteElo "2694"]
[BlackElo "2662"]
[WhiteFideId "14103320"]
[BlackFideId "608742"]
[EventDate "2017.12.29"]

1. e4 e5 2. Nf3 Nc6 3. Bc4 Bc5 4. c3 Nf6 5. d3 a6 6. Nbd2 d6 7. Bb3 O-O 8. Nf1
Be6 9. Ng3 h6 10. O-O Ba7 11. Be3 Re8 12. Bxa7 Rxa7 13. Re1 d5 14. exd5 Bxd5 15.
d4 Bxb3 16. Qxb3 exd4 17. Rxe8+ Qxe8 18. cxd4 Qe6 19. Qxe6 fxe6 20. Rc1 Ra8 21.
Ne2 Nd5 22. g3 Rd8 23. Kg2 a5 24. a3 Kf7 25. Nd2 Nde7 26. Nb3 b6 27. Rc4 Ke8 28.
Kf3 Kd7 29. Ke4 Nf5 30. Rc2 g5 31. Nd2 Nd6+ 32. Kd3 Rf8 33. f4 gxf4 34. Nxf4 e5
35. dxe5 Nxe5+ 36. Ke2 Re8 37. Nf3 Nec4+ 38. Kf2 a4 39. Nd4 Re4 40. Nde2 Re3 41.
Nc3 b5 42. Nxb5 Nxb5 43. Rxc4 Rb3 44. Rxa4 Rxb2+ 45. Kf3 Rxh2 46. Ra5 Nd4+ 47.
Ke4 Nc6 48. Rd5+ Kc8 49. Rc5 Kb7 50. Rh5 Ra2 51. Rxh6 Rxa3 52. Rg6 Ra4+ 53. Kf5
Ne7+ 0-1

[Event "Mondiale Lampo FIDE 2017"]
[Site "Riyadh"]
[Date "29.12.2017"]
[Round "6.34"]
[White "McShane, Luke J"]
[Black "Rapport, Richard"]
[Result "1/2-1/2"]
[WhiteTitle "GM"]
[BlackTitle "GM"]
[WhiteElo "2640"]
[BlackElo "2707"]
[WhiteFideId "404853"]
[BlackFideId "738590"]
[EventDate "2017.12.29"]

1. e4 c5 2. d3 Nc6 3. f4 Nf6 4. Be2 g6 5. Nf3 d5 6. Nc3 d4 7. Nb1 Bh6 8. O-O Qc7
9. Ng5 Bg7 10. a4 h6 11. Nf3 g5 12. f5 Ng4 13. Na3 Nge5 14. Qe1 Bd7 15. Bd2
Nxf3+ 16. Bxf3 Be5 17. g3 f6 18. Bh5+ Kf8 19. Nc4 Be8 20. Qe2 Qd7 21. Rfb1 Bd6
22. a5 Kg7 23. Kg2 Rc8 24. Rh1 Bxh5 25. Qxh5 Qe8 26. Qxe8 Rhxe8 27. Ra3 Ne5 28.
b3 h5 29. h4 g4 30. Raa1 Nf3 31. Bc1 Rc6 32. Rf1 Ne5 33. Bf4 Nxc4 34. bxc4 Bxf4
35. Rxf4 Ra6 36. Rff1 Rc8 37. Rfb1 Rc7 38. Rb5 Kf7 39. Kf2 Ke8 40. Rab1 Kd7 41.
Ke2 Kc6 42. Kd2 b6 43. axb6 axb6 44. Re1 Kd6 45. Reb1 Kc6 46. Re1 Kd6 47. Reb1
Ke5 1/2-1/2

[Event "Mondiale Lampo FIDE 2017"]
[Site "Riyadh"]
[Date "29.12.2017"]
[Round "6.35"]
[White "Ponkratov, Pavel"]
[Black "Guseinov, Gadir"]
[Result "1/2-1/2"]
[WhiteTitle "GM"]
[BlackTitle "GM"]
[WhiteElo "2613"]
[BlackElo "2646"]
[WhiteFideId "4157800"]
[BlackFideId "13401378"]
[EventDate "2017.12.29"]

1. e4 c5 2. Nf3 g6 3. c3 d5 4. e5 Nc6 5. d4 Bg4 6. Nbd2 cxd4 7. cxd4 Qa5 8. Qb3
Qb4 9. Bb5 Qxb3 10. Nxb3 Bxf3 11. gxf3 a6 12. Bxc6+ bxc6 13. Be3 e6 14. Ke2 Bh6
15. Rhc1 Bxe3 16. fxe3 Ne7 17. Na5 Kd7 18. b4 Rhb8 19. a3 h5 20. Rc2 Rb6 21.
Rac1 Ra7 22. Kd3 Ra8 23. Rc3 Ra7 24. Kc2 Ra8 25. Kb3 Rab8 26. Ka4 Ra8 27. Kb3
Rab8 28. Kc2 Ra8 29. Kd2 Ra7 30. Ke2 Ra8 31. Kf2 Rh8 32. Rc5 Rh7 33. Nb3 Rh8 34.
Ra5 Ra8 35. Rc3 Nf5 36. e4 Ne7 37. Kg3 g5 38. h4 gxh4+ 39. Kxh4 Rg8 40. Rxa6
Ng6+ 41. Kxh5 Nf4+ 42. Kh6 Rxa6 43. Nc5+ Ke7 44. Nxa6 Rg6+ 45. Kh7 Kf8 46. Rxc6
Rg7+ 47. Kh6 Rg6+ 48. Kh7 1/2-1/2

[Event "Mondiale Lampo FIDE 2017"]
[Site "Riyadh"]
[Date "29.12.2017"]
[Round "6.36"]
[White "Almasi, Zoltan"]
[Black "Howell, David W L"]
[Result "0-1"]
[WhiteTitle "GM"]
[BlackTitle "GM"]
[WhiteElo "2682"]
[BlackElo "2676"]
[WhiteFideId "702293"]
[BlackFideId "410608"]
[EventDate "2017.12.29"]

1. Nf3 Nf6 2. c4 c5 3. Nc3 Nc6 4. g3 d5 5. cxd5 Nxd5 6. Bg2 g6 7. O-O Bg7 8. Qa4
O-O 9. Qc4 Nxc3 10. dxc3 Qb6 11. Qh4 Rd8 12. Ng5 h6 13. Nf3 h5 14. h3 Bf6 15.
Bg5 Kg7 16. Rab1 Be6 17. Bxf6+ exf6 18. b3 Rd7 19. Qf4 Rad8 20. Rb2 Qc7 21. Qe3
Ne7 22. Qc1 Nd5 23. Rd2 Qa5 24. c4 Nc3 25. Rc2 Rd1 26. Qb2 Rxf1+ 27. Bxf1 Ne4
28. Rc1 Nd2 29. Bg2 Nxf3+ 30. Bxf3 Rd2 31. Qc3 Qxa2 32. Kg2 b6 33. g4 hxg4 34.
hxg4 Qb2 35. Qe3 Qxc1 36. g5 fxg5 37. Qe5+ Kh7 38. Qh2+ Kg8 39. Qb8+ Kg7 40.
Qe5+ Kf8 41. Qb8+ Ke7 42. Qxa7+ Rd7 43. Qxb6 Qa3 44. Bc6 Qa7 45. Qb5 Rc7 46. Bf3
Bd7 0-1

[Event "Mondiale Lampo FIDE 2017"]
[Site "Riyadh"]
[Date "29.12.2017"]
[Round "6.37"]
[White "Li, Chao b"]
[Black "Salgado Lopez, Ivan"]
[Result "1/2-1/2"]
[WhiteTitle "GM"]
[BlackTitle "GM"]
[WhiteElo "2732"]
[BlackElo "2644"]
[WhiteFideId "8604436"]
[BlackFideId "2257327"]
[EventDate "2017.12.29"]

1. d4 Nf6 2. c4 e6 3. Nf3 b6 4. a3 Bb7 5. Nc3 d5 6. Qc2 Be7 7. Bf4 c6 8. e3 O-O
9. Bd3 Nbd7 10. O-O Rc8 11. cxd5 cxd5 12. Qa4 a6 13. Qb3 b5 14. Rfc1 Nb6 15. Ne5
Nh5 16. Bg3 Nxg3 17. hxg3 Nc4 18. a4 Nxe5 19. dxe5 d4 20. exd4 Qxd4 21. Rd1 Qxe5
22. axb5 Bc5 23. Ne2 Bd5 24. Qa4 axb5 25. Qxb5 g6 26. b4 Be7 27. Nf4 Rb8 28. Qd7
Rb7 29. Qa4 Rxb4 30. Qa7 Bb7 31. Rab1 Bc5 32. Qa2 Rxb1 33. Qxb1 Ba8 34. Re1 Qg5
35. Ne2 Qd5 36. Nf4 Qd4 37. Qc2 Ba7 38. Be4 Bxe4 39. Rxe4 Qf6 40. Re2 Bd4 41.
Qc4 Ra8 42. Ra2 Rb8 43. Qc6 Rb1+ 44. Kh2 Kg7 45. Qe4 Rb4 46. Qc6 Be5 47. Nh3 Rb1
48. Qe4 Qf5 49. Qxf5 gxf5 50. Re2 Bf6 51. Ng1 Rb2 52. Rxb2 Bxb2 53. Nf3 Kf6 54.
Kg1 e5 55. Kf1 e4 56. Ng1 Bd4 57. Ke2 Ke5 58. Nh3 Bc5 59. Ng5 Kf6 60. Nh3 Bd6
61. Ke3 Bc5+ 62. Ke2 h6 63. Nf4 Bd6 64. Nh3 Ke5 65. Nf4 Be7 66. Nh3 1/2-1/2

[Event "Mondiale Lampo FIDE 2017"]
[Site "Riyadh"]
[Date "29.12.2017"]
[Round "6.38"]
[White "Khismatullin, Denis"]
[Black "Mchedlishvili, Mikheil"]
[Result "1/2-1/2"]
[WhiteTitle "GM"]
[BlackTitle "GM"]
[WhiteElo "2632"]
[BlackElo "2603"]
[WhiteFideId "4142578"]
[BlackFideId "13600966"]
[EventDate "2017.12.29"]

1. Nf3 g6 2. d4 Bg7 3. Bf4 Nf6 4. e3 O-O 5. Be2 d5 6. O-O c5 7. c3 b6 8. Nbd2
Bb7 9. b4 Nbd7 10. bxc5 bxc5 11. Qb3 Qc8 12. Qa3 a5 13. Rfc1 Ba6 14. c4 dxc4 15.
Nxc4 Nd5 16. Bg3 Qd8 17. Rd1 cxd4 18. Nxd4 Nb4 19. Rac1 Rc8 20. Bf1 Bxc4 21.
Bxc4 Qb6 22. Nb3 Ne5 23. Bf1 Ra8 24. h3 e6 25. Nc5 Rfc8 26. Na4 Qb7 27. Qb3 Qa7
28. a3 Nd5 29. Qa2 Qb7 30. Rb1 Qa7 31. Rbc1 Qb7 32. Be2 Rxc1 33. Rxc1 Rc8 34.
Rxc8+ Qxc8 35. Qb3 h5 36. Kh2 Bf6 37. Nb6 Qb7 38. Nxd5 Qxd5 39. Qxd5 exd5 40.
Kg1 Kf8 41. Kf1 Ke7 42. a4 Ke6 43. Ba6 Be7 44. Bc8+ Kf6 45. Bh4+ g5 46. Bg3 h4
47. Bh2 Bb4 48. Ke2 Nc4 49. Bb7 Ke6 50. Bc8+ Ke7 51. Bb7 Ke6 52. f4 Bd6 53. Bc8+
Ke7 54. Bb7 Nb6 55. Bc6 Ke6 56. g3 hxg3 57. Bxg3 f6 58. Kf3 Nc4 59. f5+ Ke7 60.
Bxd5 Bxg3 61. Bxc4 Be5 1/2-1/2

[Event "Mondiale Lampo FIDE 2017"]
[Site "Riyadh"]
[Date "29.12.2017"]
[Round "6.39"]
[White "Alekseev, Evgeny"]
[Black "Christiansen, Johan-Sebastian"]
[Result "0-1"]
[WhiteTitle "GM"]
[BlackTitle "IM"]
[WhiteElo "2616"]
[BlackElo "2495"]
[WhiteFideId "4138147"]
[BlackFideId "1512668"]
[EventDate "2017.12.29"]

1. e4 e6 2. d4 d5 3. Nc3 Nf6 4. e5 Nfd7 5. f4 c5 6. Nf3 Nc6 7. Be3 Be7 8. Qd2
O-O 9. Be2 b6 10. Nd1 cxd4 11. Nxd4 Nxd4 12. Bxd4 Nb8 13. O-O Nc6 14. Bf2 f6 15.
exf6 Bxf6 16. c3 Qd6 17. g3 Bb7 18. Bf3 Rad8 19. Ne3 Kh8 20. Rad1 b5 21. Ng4 Be7
22. Rfe1 Rde8 23. Qe2 Bd8 24. Bxd5 Nd4 25. Bxd4 Bxd5 26. Ne3 Qc6 27. Nxd5 exd5
28. Qf3 a5 29. Re5 Rxe5 30. Bxe5 Bb6+ 31. Kg2 Qc4 32. a3 Qb3 33. Rd2 Rd8 34. f5
d4 35. f6 Kg8 36. fxg7 d3 37. Qc6 Ba7 38. Qe4 Qf7 39. Qf3 Qe6 40. Bd4 Bxd4 41.
cxd4 Kxg7 42. Rxd3 Rf8 43. Qb7+ Rf7 44. Qa8 Qe2+ 45. Kh3 Qxd3 0-1

[Event "Mondiale Lampo FIDE 2017"]
[Site "Riyadh"]
[Date "29.12.2017"]
[Round "6.40"]
[White "Miton, Kamil"]
[Black "Nguyen, Ngoc Truong Son"]
[Result "0-1"]
[WhiteTitle "GM"]
[BlackTitle "GM"]
[WhiteElo "2584"]
[BlackElo "2630"]
[WhiteFideId "1111914"]
[BlackFideId "12401110"]
[EventDate "2017.12.29"]

1. e4 e5 2. Nf3 Nf6 3. Nc3 Nc6 4. Bb5 Bb4 5. O-O O-O 6. d3 Bxc3 7. bxc3 d6 8.
Nd2 Ne7 9. f4 exf4 10. Rxf4 Ng6 11. Rf1 c6 12. Bc4 Be6 13. Bb3 d5 14. exd5 Nxd5
15. Ne4 Nxc3 16. Nxc3 Bxb3 17. axb3 Qd4+ 18. Kh1 Qxc3 19. Be3 a6 20. Bd2 Qe5 21.
Qf3 Qd5 22. Qf2 Rfe8 23. h3 f6 24. Rfe1 Qd7 25. Qb6 Kf7 26. Qb4 Rxe1+ 27. Rxe1
Re8 28. Rxe8 Kxe8 29. Qc4 Qd5 30. Qg4 Kf7 31. Qg3 Qe5 32. Qg4 Qe6 33. Qb4 Qd7
34. Qc5 Nf8 35. Qh5+ Kg8 36. Be3 Qd5 37. Qg4 Qe6 38. Qf4 Qe5 39. Qf3 Ne6 40. Bg1
Kf7 41. Qg4 h5 42. Qb4 Qc7 43. Qc4 Qd7 44. Qb4 g6 45. Qc4 Qd5 46. Qb4 c5 47. Qb6
Qc6 48. Qa7 Nf4 0-1

[Event "Mondiale Lampo FIDE 2017"]
[Site "Riyadh"]
[Date "29.12.2017"]
[Round "6.41"]
[White "Georgiev, Kiril"]
[Black "Fedorchuk, Sergey A."]
[Result "1-0"]
[WhiteTitle "GM"]
[BlackTitle "GM"]
[WhiteElo "2623"]
[BlackElo "2648"]
[WhiteFideId "2900017"]
[BlackFideId "14102536"]
[EventDate "2017.12.29"]

1. d4 Nf6 2. Nf3 e6 3. g3 b5 4. Bg2 Bb7 5. O-O c5 6. c3 Be7 7. Bg5 Na6 8. e3 O-O
9. Nbd2 h6 10. Bxf6 Bxf6 11. Qe2 Qb6 12. a4 b4 13. a5 Qc7 14. Rfc1 bxc3 15. bxc3
Rfc8 16. Ne1 Bxg2 17. Kxg2 Qc6+ 18. Qf3 d5 19. Nd3 Rab8 20. Qd1 c4 21. Nf4 Nc7
22. Nh5 Be7 23. Qc2 Rb5 24. Nf4 Rcb8 25. Qa4 Qe8 26. Ra2 a6 27. e4 Bg5 28. Nh3
Bxd2 29. Rxd2 dxe4 30. Qxc4 Nd5 31. Qe2 Rxa5 32. Qxe4 Rc8 33. c4 Nf6 34. Qe2
Qc6+ 35. Qf3 Qxf3+ 36. Kxf3 Ra3+ 37. Ke2 Ne4 38. Rdc2 Rd8 39. c5 Rxd4 40. c6 Rd8
41. Nf4 Rc8 42. Nd3 Nd6 43. Ne5 Nb5 44. Rd2 f6 45. Ng6 Rc7 46. h4 Nc3+ 47. Kf1
h5 48. Rd7 Rxc6 49. Ne7+ Kh7 50. Nxc6 Ne4 51. Nd4 Ra2 52. Rc2 Ra1+ 53. Kg2 Rd1
54. Nxe6 Rxd7 55. Nf8+ 1-0

[Event "Mondiale Lampo FIDE 2017"]
[Site "Riyadh"]
[Date "29.12.2017"]
[Round "6.42"]
[White "Tregubov, Pavel V."]
[Black "Short, Nigel D"]
[Result "1/2-1/2"]
[WhiteTitle "GM"]
[BlackTitle "GM"]
[WhiteElo "2575"]
[BlackElo "2678"]
[WhiteFideId "4115341"]
[BlackFideId "400025"]
[EventDate "2017.12.29"]

1. d4 Nf6 2. c4 e6 3. Nc3 Bb4 4. e3 b6 5. Ne2 Ne4 6. Qc2 Bb7 7. a3 Bxc3+ 8. Nxc3
f5 9. f3 Nxc3 10. bxc3 O-O 11. Bd3 Qh4+ 12. Qf2 Qxf2+ 13. Kxf2 d6 14. a4 c5 15.
a5 Nc6 16. axb6 axb6 17. Bd2 Rxa1 18. Rxa1 Ra8 19. Rb1 Ra6 20. Ke2 Kf7 21. g4 g6
22. Rb2 Bc8 23. Be1 e5 24. h3 cxd4 25. cxd4 exd4 26. c5 bxc5 27. Bxa6 Bxa6+ 28.
Kf2 Ne5 29. Rb6 dxe3+ 30. Kg3 Be2 31. Rxd6 Nxf3 32. Bc3 fxg4 33. hxg4 c4 34.
Rf6+ Ke7 35. Rxf3 Bxf3 36. Kxf3 h5 37. gxh5 1/2-1/2

[Event "Mondiale Lampo FIDE 2017"]
[Site "Riyadh"]
[Date "29.12.2017"]
[Round "6.43"]
[White "Malakhatko, Vadim"]
[Black "Artemiev, Vladislav"]
[Result "0-1"]
[WhiteTitle "GM"]
[BlackTitle "GM"]
[WhiteElo "2542"]
[BlackElo "2691"]
[WhiteFideId "14104202"]
[BlackFideId "24101605"]
[EventDate "2017.12.29"]

1. c4 e5 2. e3 g6 3. Nc3 Bg7 4. g3 h5 5. h3 d6 6. Bg2 c6 7. Nge2 f5 8. h4 Nf6 9.
d4 Qe7 10. O-O a5 11. b3 Na6 12. Ba3 Nb4 13. Bb2 Ng4 14. a3 Na6 15. b4 Bd7 16.
b5 Nc7 17. bxc6 bxc6 18. Na4 Rb8 19. Bc3 e4 20. Nf4 Kf7 21. Bxa5 Ne6 22. Nxe6
Bxe6 23. d5 cxd5 24. cxd5 Bd7 25. Nb6 Bb5 26. Re1 Qa7 27. Qd2 Bxa1 28. Rxa1 Rxb6
29. Qd4 Rhb8 0-1

[Event "Mondiale Lampo FIDE 2017"]
[Site "Riyadh"]
[Date "29.12.2017"]
[Round "6.45"]
[White "Kokarev, Dmitry"]
[Black "Tissir, Mohamed"]
[Result "1-0"]
[WhiteTitle "GM"]
[BlackTitle "IM"]
[WhiteElo "2615"]
[BlackElo "2381"]
[WhiteFideId "4132181"]
[BlackFideId "9000240"]
[EventDate "2017.12.29"]

1. e4 c5 2. Nf3 e6 3. d4 cxd4 4. Nxd4 a6 5. Bd3 Bc5 6. Nb3 Be7 7. Qg4 g6 8. Qe2
d6 9. O-O Nd7 10. a4 b6 11. Na3 Bb7 12. Nc4 Qc7 13. a5 b5 14. Nb6 Nxb6 15. axb6
Qxb6 16. Na5 Rc8 17. c4 b4 18. Be3 Qc7 19. Nxb7 Qxb7 20. c5 Rb8 21. cxd6 Bxd6
22. Rxa6 Be5 23. Ra7 Qc6 24. Rc1 Qd6 25. Bb5+ 1-0

[Event "Mondiale Lampo FIDE 2017"]
[Site "Riyadh"]
[Date "29.12.2017"]
[Round "6.46"]
[White "Riazantsev, Alexander"]
[Black "Abdyjapar, Asyl"]
[Result "1-0"]
[WhiteTitle "GM"]
[BlackTitle "IM"]
[WhiteElo "2650"]
[BlackElo "2382"]
[WhiteFideId "4125029"]
[BlackFideId "13800337"]
[EventDate "2017.12.29"]

1. d4 Nf6 2. c4 e6 3. Nf3 c5 4. d5 exd5 5. cxd5 d6 6. Nc3 g6 7. Bf4 a6 8. a4 Bg7
9. h3 Qe7 10. Nd2 O-O 11. e3 Nbd7 12. Be2 Ne8 13. O-O Rb8 14. Re1 g5 15. Bh2 f5
16. a5 Nc7 17. Nc4 Ne5 18. Nb6 Ng6 19. Bc4 Bd7 20. Nxd7 Qxd7 21. f4 gxf4 22.
exf4 Nb5 23. Qd3 Nd4 24. Kh1 Kh8 25. Re6 Ne7 26. Rae1 Nxe6 27. dxe6 Qc7 28. Nd5
Nxd5 29. Bxd5 Qxa5 30. Rb1 b5 31. Bg1 Qb4 32. Be3 Rbe8 33. b3 a5 34. Bd2 Qd4 35.
Qxd4 Bxd4 36. Bxa5 Rf6 37. Re1 Rc8 38. e7 Re8 39. Bd8 Kg7 40. Bc6 Kf7 41. Bxb5
d5 42. Bd7 Rb6 43. Bxf5 c4 44. bxc4 dxc4 45. Bxh7 c3 46. f5 c2 47. Bg6+ Rxg6 48.
fxg6+ Kxg6 49. Rc1 Bf6 50. Rxc2 Bxe7 51. Bxe7 Rxe7 52. Kh2 1-0

[Event "Mondiale Lampo FIDE 2017"]
[Site "Riyadh"]
[Date "29.12.2017"]
[Round "6.47"]
[White "Minko, Vladimir"]
[Black "Bu, Xiangzhi"]
[Result "0-1"]
[WhiteTitle "IM"]
[BlackTitle "GM"]
[WhiteElo "2381"]
[BlackElo "2730"]
[WhiteFideId "24146706"]
[BlackFideId "8601445"]
[EventDate "2017.12.29"]

1. d4 Nf6 2. c4 e6 3. Nf3 d5 4. g3 dxc4 5. Bg2 Nc6 6. O-O Rb8 7. Nc3 b5 8. e4
Be7 9. d5 exd5 10. exd5 Nb4 11. Nd4 Bd7 12. Nc6 Bxc6 13. dxc6 Qxd1 14. Rxd1 Nd3
15. a4 Ng4 16. Nxb5 O-O 17. Bd5 Ngxf2 18. Rf1 Bc5 19. Kg2 Nxc1 20. Raxc1 Ng4 21.
Rfe1 Ne3+ 22. Rxe3 Bxe3 23. Rxc4 Rfd8 24. Be4 Rd2+ 25. Kf3 Bb6 26. b4 a6 27. Nc3
h5 28. Kf4 Rf2+ 29. Kg5 Be3+ 30. Kxh5 g6+ 31. Kh4 f5 32. Bd5+ Kg7 33. g4 Rh8+ 0-1

[Event "Mondiale Lampo FIDE 2017"]
[Site "Riyadh"]
[Date "29.12.2017"]
[Round "6.48"]
[White "Shytaj, Luca"]
[Black "Adly, Ahmed"]
[Result "0-1"]
[WhiteTitle "IM"]
[BlackTitle "GM"]
[WhiteElo "2459"]
[BlackElo "2637"]
[WhiteFideId "812633"]
[BlackFideId "10601619"]
[EventDate "2017.12.29"]

1. b3 b6 2. Bb2 Bb7 3. Nf3 Nf6 4. e3 e6 5. d4 d6 6. Bd3 Nbd7 7. O-O g6 8. Nbd2
Bg7 9. e4 O-O 10. Re1 e5 11. dxe5 Ng4 12. h3 Ngxe5 13. Nxe5 Nxe5 14. Qc1 Qg5 15.
Re3 Rae8 16. g3 Qh6 17. Bf1 f5 18. f4 fxe4 19. Nxe4 Bxe4 20. fxe5 Rxf1+ 21. Kxf1
Qxh3+ 22. Ke1 Bh6 23. Qd2 Rf8 24. Qd4 Qf1+ 25. Kd2 Rf2+ 26. Kc3 Rxc2+ 27. Kb4
Qa6 28. Qc4+ Rxc4+ 29. bxc4 Bxe3 0-1

[Event "Mondiale Lampo FIDE 2017"]
[Site "Riyadh"]
[Date "29.12.2017"]
[Round "6.49"]
[White "Volokitin, Andrei"]
[Black "Al-Saffar, Araz Basim Mohammed S"]
[Result "1-0"]
[WhiteTitle "GM"]
[BlackTitle "IM"]
[WhiteElo "2628"]
[BlackElo "2368"]
[WhiteFideId "14107090"]
[BlackFideId "4801040"]
[EventDate "2017.12.29"]

1. e4 d6 2. d4 Nf6 3. Nc3 g6 4. Be3 c6 5. Qd2 b5 6. f3 Nbd7 7. g4 Qc7 8. h4 Nb6
9. h5 Bg7 10. hxg6 hxg6 11. Rxh8+ Bxh8 12. Qh2 Bg7 13. Bh6 Bxh6 14. Qxh6 b4 15.
Nce2 Be6 16. Nf4 Bc4 17. Bh3 e5 18. g5 Ng8 19. Qg7 exf4 20. Qxg8+ Ke7 21. Qg7
Nd7 22. b3 Be6 23. Bxe6 Kxe6 24. Ne2 d5 25. e5 Nf8 26. Qf6+ Kd7 27. Qxf7+ Kc8
28. Qxf8+ Kb7 29. Qxb4+ 1-0

[Event "Mondiale Lampo FIDE 2017"]
[Site "Riyadh"]
[Date "29.12.2017"]
[Round "6.50"]
[White "Samhouri, A."]
[Black "Moiseenko, Alexander"]
[Result "0-1"]
[WhiteTitle "FM"]
[BlackTitle "GM"]
[WhiteElo "2355"]
[BlackElo "2667"]
[WhiteFideId "8100640"]
[BlackFideId "14102560"]
[EventDate "2017.12.29"]

1. e4 c5 2. Nf3 Nc6 3. Bb5 e6 4. Bxc6 bxc6 5. O-O Ne7 6. b3 Ng6 7. Bb2 f6 8. c3
d5 9. Re1 Be7 10. d4 O-O 11. dxc5 Bxc5 12. Ba3 Bxa3 13. Nxa3 e5 14. exd5 cxd5
15. c4 d4 16. Nb1 Bb7 17. Nbd2 Qc7 18. Qc2 Nf4 19. Ne4 d3 20. Qd2 Ne2+ 21. Rxe2
dxe2 22. Qxe2 Rad8 23. Re1 h6 24. h3 f5 25. Nc3 e4 26. Nh2 Qe5 27. Qc2 0-1

[Event "Mondiale Lampo FIDE 2017"]
[Site "Riyadh"]
[Date "29.12.2017"]
[Round "6.51"]
[White "Lodhi, Mahmood"]
[Black "Ni, Hua"]
[Result "1-0"]
[WhiteTitle "IM"]
[BlackTitle "GM"]
[WhiteElo "2347"]
[BlackElo "2671"]
[WhiteFideId "7800010"]
[BlackFideId "8601160"]
[EventDate "2017.12.29"]

1. d4 Nf6 2. Nf3 d5 3. g3 Bf5 4. Bg2 e6 5. O-O Be7 6. c4 c6 7. Nc3 Ne4 8. cxd5
exd5 9. Ne5 Nd7 10. Bf4 O-O 11. Nxe4 dxe4 12. Nc4 Nf6 13. Ne3 Bg6 14. Bg5 h6 15.
Bh4 Bh7 16. g4 g5 17. Bg3 Nd5 18. Nxd5 Qxd5 19. e3 f5 20. f4 exf3 21. Qxf3 Qxf3
22. Bxf3 Rad8 23. gxf5 Bxf5 24. Be5 Bd6 25. Bxd6 Rxd6 26. Rae1 Kg7 27. Bg2 Bg6
28. Rxf8 Kxf8 29. b4 Ke7 30. a3 h5 31. Rc1 Re6 32. Kf2 Rf6+ 33. Kg1 Kd6 34. Rc5
g4 35. Rg5 Ke7 36. e4 Bf7 37. d5 cxd5 38. exd5 Kd6 39. Rg7 b6 40. Rh7 a5 41.
bxa5 bxa5 42. Rh8 Rf4 43. Rd8+ Ke5 44. d6 Rd4 45. d7 Be6 46. Bc6 Kd6 47. Bb5 Kc5
48. a4 Kb4 49. Kf2 h4 50. Ke3 Rd6 51. Kf4 g3 52. hxg3 h3 53. Rb8 h2 54. Bc6+ Kc5 1-0

[Event "Mondiale Lampo FIDE 2017"]
[Site "Riyadh"]
[Date "29.12.2017"]
[Round "6.52"]
[White "Dervishi, Erald"]
[Black "Lam, Daniel King-wai"]
[Result "1-0"]
[WhiteTitle "GM"]
[BlackTitle "FM"]
[WhiteElo "2552"]
[BlackElo "2222"]
[WhiteFideId "4700236"]
[BlackFideId "6001238"]
[EventDate "2017.12.29"]

1. e4 e6 2. d4 d5 3. Nd2 Be7 4. exd5 exd5 5. Bd3 Nc6 6. c3 Nf6 7. h3 Be6 8. Ne2
Bd6 9. O-O O-O 10. Nf3 Qd7 11. Qc2 Bxh3 12. Nf4 Bxf4 13. Bxf4 Bg4 14. Nh2 Bh5
15. Qb3 Bg6 16. Bxg6 hxg6 17. Qxb7 Rab8 18. Qxc7 Qxc7 19. Bxc7 Rxb2 20. Rfb1 Rc2
21. Rc1 Rb2 22. Bd6 Re8 23. Ba3 Rbe2 24. Kf1 Na5 25. Re1 Rxe1+ 26. Rxe1 Rxe1+
27. Kxe1 Nc4 28. Bc5 a5 29. f3 Nd7 30. Be7 f6 31. Nf1 Kf7 32. Bd8 Ke6 33. Nd2
Nxd2 34. Kxd2 a4 35. Kc2 Nb8 36. Bc7 Na6 37. Bh2 Kd7 38. Kb2 Kc6 39. Ka3 Kb5 40.
Bd6 Kc4 41. Kxa4 Kxc3 42. Kb5 1-0